Statistics for AWOLNATION Charting Songs (Billboard Hot Rock)

Click here to take the quiz!

General Stats

  • This quiz has been taken 5 times
    (3 since last reset)
  • The average score is 3 of 12

Answer Stats

AlbumWeeks OnPeakArtist(s)Song% Correct
Run5 Weeks#26AWOLNATIONRun
100%
Megalithic Symphony96 Weeks#4AWOLNATIONSail
100%
Here Come the Runts14 Weeks#20AWOLNATIONHandyman
50%
Angel Miners & The Lightning Riders20 Weeks#11AWOLNATIONThe Best
50%
Angel Miners & The Lightning Riders1 Week#46AWOLNATIONCalifornia Halo Blue
0%
Run20 Weeks#11AWOLNATIONHollow Moon (Bad Wolf)
0%
Run20 Weeks#18AWOLNATIONI Am
0%
Fifty Shades of Grey: Original Motion Picture Soundtrack3 Weeks#13AWOLNATIONI'm on Fire
0%
Megalithic Symphony25 Weeks#16AWOLNATIONKill Your Heroes
0%
Megalithic Symphony20 Weeks#11AWOLNATIONNot Your Fault
0%
Here Come the Runts4 Weeks#35AWOLNATIONPassion
0%
Run19 Weeks#28AWOLNATIONWoman Woman
0%

Score Distribution

Percentile by Number Answered

Percent of People with Each Score

Your Score History

You have not taken this quiz since the last reset